Click a CBS Show (1990s) Quiz Stats

 Plays Quiz Updated Dec 29, 2017

Challenge
Share
Tweet
Score 0/20 Timer 04:00
1 Play Today
% Correct
Late Show with David Letterman
97.2%
Everybody Loves Raymond
97.2%
Walker, Texas Ranger
96.1%
The King of Queens
95%
The Nanny
92.7%
Dr. Quinn, Medicine Woman
90.7%
Judging Amy
90.5%
Chicago Hope
89.3%
The Early Show
89%
Cybill
88.7%
% Correct
Diagnosis: Murder
87.9%
Becker
87%
Due South
83%
Nash Bridges
82.6%
Dave's World
81.8%
Touched by an Angel
67.3%
Evening Shade
67.3%
Picket Fences
65.3%
Brooklyn Bridge
61.7%
Northern Exposure
56.2%

You're not logged in!

Compare scores with friends on all Sporcle quizzes.
Join for Free
OR
Log In

You Might Also Like...

Show Comments

Extras

Top Quizzes Today


Score Distribution

Your Account Isn't Verified!

In order to create a playlist on Sporcle, you need to verify the email address you used during registration. Go to your Sporcle Settings to finish the process.

Report this User

Report this user for behavior that violates our Community Guidelines.

Details: